Languages spoken in Spain - Statistics

General Stats
  • This quiz has been taken 97 times
    65 since last reset
  • The average score is 43 of 66
Answer Stats
Speakers (aprox.) Answer % Correct
46 million Spanish
100%
101,000 French
98%
10 million Catalan/Valencian
94%
315,000 English
94%
125,000 Italian
94%
620,000 Arabic
91%
170,000 German
91%
150,000 Portuguese
91%
900,000 Basque
89%
45,000 Eonavian
89%
10,500 Fala
89%
3 million Galician
89%
40,000 Caló
87%
3,900 Greek
87%
170,000 Mandarin
87%
5,400 Japanese
85%
55,000 Russian
85%
1,100 Vlax Romani
85%
46,000 Dutch
83%
76,000 Polish
81%
6,000 Serbo-Croatian
79%
3,000 Cantabrian
77%
3,100 Korean
77%
20,000 Leonese
77%
16,000 Norwegian
77%
420,000 Romanian
77%
19,000 Swedish
77%
150,000 Bulgarian
74%
100,000 Wu
74%
1,700 Albanian
72%
11,000 Finnish
72%
7,700 Slovak
72%
640,000 Asturian
70%
11,000 Danish
70%
2,800 Turkish
70%
84,000 Ukrainian
70%
25,500 Aragonese
68%
2,800 Aranese
68%
8,300 Czech
68%
1,200 Slovene
68%
126,000 Urdu
64%
2,700 Persian
62%
1,500 Estonian
60%
20,000 Lithuanian
57%
3,700 Latvian
55%
1,400 Thai
55%
11,000 Armenian
53%
1,000 Icelandic
53%
50,000 Quechua
53%
10,000 Riffian
51%
20,000 Aymara
47%
10,000 Georgian
47%
31,000 Tagalog
47%
3,600 Belarusian
45%
77,000 Guaraní
43%
900 Kurdish
43%
200,000 Extremaduran
38%
52,000 Punjabi
36%
1,000 Kazakh
34%
900 Ladino
34%
800 Amharic
26%
9,300 Bavarian
17%
600 Annobonese
15%
20,000 Silbo gomero
9%
10,000 Kabuverdianu
2%
700 Antillean Creole
0%
No matching quizzes found
Score Distribution
Percent of People with Each Score
Percentile by Number Answered
Your Score History
You have not taken this quiz since the last reset